00479nam a2200169Ia 450000500170000000800410001702000090005804000190006704100120008608200160009824500690011426000530018330000160023665000260025270000210027885000100029920210119134028.0131103s9999 xx 000 0 und d cRs.5 aLoreto College aEnglish a954.04bIND 4aThe nineteenth year of freedomb 1965 - 66 ceditor P.N.Vesuvala aNew DelhibAll India Congress Committeec[19 -?] axix,760 p.  aModern Indian History aVasuvala,P.N;ed. aLCLIB